Kỹ thuật rung trong máy xây dựng

Spremljeno u:
Bibliografski detalji
Glavni autor: Trần, Thị Hồng
Format: Knjiga
Jezik:Undetermined
Izdano: Thành phố Hồ Chí Minh Đại học Quốc gia Thành phố Hồ Chí Minh 2005
Teme:
Oznake: Dodaj oznaku
Bez oznaka, Budi prvi tko označuje ovaj zapis!
Thư viện lưu trữ: Trung tâm Học liệu Trường Đại học Cần Thơ
LEADER 00618nam a2200205Ia 4500
001 CTU_101319
008 210402s9999 xx 000 0 und d
020 |c 20000 
082 |a 620.3 
082 |b H455 
100 |a Trần, Thị Hồng 
245 0 |a Kỹ thuật rung trong máy xây dựng 
245 0 |c Trần Thị Hồng 
260 |a Thành phố Hồ Chí Minh 
260 |b Đại học Quốc gia Thành phố Hồ Chí Minh 
260 |c 2005 
650 |a Machine-tools 
650 |x Vibration 
904 |i Minh 
980 |a Trung tâm Học liệu Trường Đại học Cần Thơ